000 01419 a2200217 4500
001 29142
005 20260407155600.0
008 260407a1985 arg spa d
003 AR-UNSa-BCEJYS
040 _aAR-UNSa-BCEJYS
_bspa
_cAR-UNSa-BCEJYS
080 _a657-051
_xProfesional en Ciencias Económicas (Contador...)
245 1 0 _aLa profesión contable
_pejercicio, antecedentes, marco legal
020 _a950-0109-30-4
264 1 _aBuenos Aires :
_bTesis
_c1985
300 _axvi, 190 p.
_c22 cm.
505 _a1. Evolución de las ideas e instituciones - 2. Asociaciones creadas por la ley y entidades de afiliación voluntaria - 3. Evolución de la profesión de Ciencias Económicas - 4. Reglamentos que rigen la profesión de Ciencias Económicas - 5. Filosofía Ética y Moral - 6. Cultura y Educación - 7. Polìtica y Universidad - 8. Ciencia y conocimiento - 9. Planes de estudio - 10. Institutos técnicos que rigen la profesión - 11. Federaciones de entidades de Ciencias Económicas - 12. Organismos Profesionales de tercer grado - 13.Asambleas Nacionales de graduados en Ciencias Económicas organizados por los colegios - 14. Convenciones Nacionales de Consejos Profesionales de Ciencias Económicas - 15. Asociación Interamericana de Contabilidad - 16. Congresos Mundiales de Contadores
041 _aspa
942 _cBK
590 _aniveau_biblio:m niveau_hierar:0
100 1 _aChirom, Jaime
999 _c1801
_d1801